000 00558nam a22001937a 4500
005 20251108175308.0
008 250721s2015 xx 000 0 ara d
082 1 4 _a957/حاف
100 1 _aمورهيد، آلان
245 1 0 _aالثورة الروسية 1917 /
264 1 _aالجيزة :
_bمكتبة النافذة،
_c2015.
300 _a291 ص.
650 1 7 _aالثورة الروسية 1917
650 1 7 _aالثورات
650 1 7 _aالشيوعية
700 1 _aحافظ، عباس
_eمترجم
942 _2ddc
_cBK
999 _c130775
_d130775